Vybrané aspekty spoločensky zodpovedného podnikania a hodnotovo orientovanej cenotvorby

Aspekty spoločensky zodpovedného podnikania v nadväznosti na vnímanie hodnoty spotrebiteľmi. Predpoklady nevyhnutné pre aplikáciu SZP firmou. Špecifikácia hodnotových systémov vybranej skupiny respondentov dotazníkového prieskumu uskutočneného v SR.

Na minha lista:
Detalhes bibliográficos
Autor principal: Kintler, Jakub, 1979-
Outros Autores: Grisáková, Nora, 1978-
Formato: Capítulo de Livro
Idioma:eslovaco
Assuntos:
Tags: Adicionar Tag
Sem tags, seja o primeiro a adicionar uma tag!

MARC

LEADER 00000naa$a2200000$$$4500
001 0144449
005 20240502072605.8
041 0 |a slo 
044 |a SK 
245 1 0 |a Vybrané aspekty spoločensky zodpovedného podnikania a hodnotovo orientovanej cenotvorby  |c Jakub Kintler, Nora Grisáková 
520 |a Aspekty spoločensky zodpovedného podnikania v nadväznosti na vnímanie hodnoty spotrebiteľmi. Predpoklady nevyhnutné pre aplikáciu SZP firmou. Špecifikácia hodnotových systémov vybranej skupiny respondentov dotazníkového prieskumu uskutočneného v SR. 
610 2 0 |a podnikatelia 
610 2 0 |a podnikanie 
610 2 0 |a stratégia podnikateľská 
610 2 0 |a zámery podnikateľské 
610 2 0 |a správanie hospodárske 
610 2 0 |a podnikanie zodpovedné 
610 2 0 |a hodnota 
610 2 0 |a etika 
610 2 0 |a morálka 
100 1 |a Kintler, Jakub, 1979- 
700 1 |a Grisáková, Nora, 1978-